LEADER 00980nam a2200241 i 4500 001 000000150834 003 CaOOAMICUS 005 20180323000000.0 008 180323s2005 it u000 u ita u 013 $a128172 020 $a88-384-8494-5 040 $aSeMil$bita 100 1 $aSocci, Antonio <1959- >.$0(OLS)http://semarc/name/43083 245 10$aCom'è bello il mondo. Com'è grande Dio :$bipotesi sul nuovo millennio /$cAntonio Socci. 250 $a3. ed. 260 $aCasale Monferrato (AL) :$bPiemme,$c2005. 300 $a156 p. ;$c19 cm. 850 $aSeMil 852 $aSeMil$W1$xVenegono$y1$m3M I 264$j102898$B102898$CSeMilBibl$Z2$F111938 $81 961 $aRecupero: Seminario di Seveso 996 $6020$a88-384-8494-5$9(OLS)http://semarc/number/140292 996 $6245$aCom'è bello il mondo. Com'è grande Dio :$bipotesi sul nuovo millennio$9(OLS)http://semarc/title/220467 996 $6260$aCasale Monferrato (AL) :$bPiemme$9(OLS)http://semarc/publisher/30052 LEADER 01080nam a2200193 i 4500 001 000000257532 003 CaOOAMICUS 005 20180305000000.0 008 180305s1886 it u000 u ita u 013 $a236440 040 $aSeMil$bita 245 10$aMemoria terza :$bopposizione 1881-1882. 300 $a95 p., 3 c. di tav. ;$c31 cm. 490 0 $aReale Accademia dei Lincei ;$vAnno283. (1885-86) 773 0 $aSchiaparelli, Giovanni Virginio <1835-1910>$tOsservazioni astronomiche e fisiche sull'asse di rotazione e sulla topografia del pianeta Marte fatte nella Specola Reale di Brera in Milano coll'equatoriale di Merz durante l'opposizione del 1877.$dRoma : Coi tipi del Salviucci : [poi]... Tipografia della R. Accademia dei Lincei, 1878-1886.$kReale Accademia dei Lincei$g3$w()4689 830 0$aReale Accademia dei Lincei ;$vAnno283. (1885-86).$0(OLS)http://semarc/title/401994 850 $aSeMil 852 $aSeMil$W1$xVenegono$y1$m3W VI 25 FA$j207878$B207878$CSeMilBibl$Z2$F221424 $8I 996 $6245$aMemoria terza :$bopposizione 1881-1882$9(OLS)http://semarc/title/412890